00546nam a2200193Ia 4500008004100000020001800041050001400059100002100073245003300094245004800127245005500175260003200230260001800262260000900280300001400289300002200303300001000325440001700335180207s9999 xx 000 0 und d a9789715082730 bA581 1981 aAngeles, Alberta aSi langgam at si tipaklong : bmay magandang bukas and marunong magsikap / cby Alberta Angeles ; illustrated by Renato Gamos / aMetro Manila, Philippines : bAdarna House, c1981 aunpaged : bchiefly colored ; c22cm. aAdarna lahi.